[Event "IND-chT (Women) 21st"]
[Site "Dharamshala"]
[Date "2024.03.30"]
[Round "2.4"]
[White "Adiba, Ullah"]
[Black "Salonika, Saina"]
[Result "0-1"]
[WhiteElo "1521"]
[BlackElo "2096"]
[PlyCount "92"]
[EventDate "2024.03.29"]
[EventType "team-swiss"]
[EventRounds "7"]
[EventCountry "IND"]
[SourceTitle "CB15_2024"]
[SourceDate "2024.04.10"]
[SourceVersion "1"]
[SourceVersionDate "2024.04.10"]
[SourceQuality "1"]
[WhiteTeam "Bihar (W) II"]
[BlackTeam "Petroleum Sports PB (W)"]
[WhiteTeamCountry "IND"]
[BlackTeamCountry "IND"]

1. d4 Nf6 2. Nf3 g6 3. Bf4 Bg7 4. h3 d6 5. e3 0-0 6. Bd3 Nfd7 7. c3 e5 8. Bg5 f6 9. Bh4 Kh8 10. 0-0 g5 11. Bg3 f5 12. e4 f4 13. Bh2 Nb6 14. Nbd2 Qf6 15. d5 h5 16. Kh1 g4 17. Ng1 Qg6 18. Be2 Bf6 19. g3 f3 20. Bb5 c6 21. dxc6 Nxc6 22. h4 Be6 23. Re1 Rad8 24. Qc2 d5 25. Bd3 d4 26. c4 Nb4 27. Qb3 a5 28. a3 Nxd3 29. Qxd3 Rc8 30. Rac1 Be7 31. Rc2 Qf7 32. Rec1 Nd7 33. Qb3 Nc5 34. Qb5 a4 35. b4 axb3 36. Nxb3 Bd7 37. Qb6 Nxb3 38. Qxb3 b5 39. Qd3 bxc4 40. Qd2 Kg7 41. Ra1 c3 42. Qd3 Ba4 43. Rcc1 Qc4 44. Qxc4 Rxc4 45. Ra2 d3 46. Raa1 d2 0-1

[Event "Bhubaneswar SOA op 1st"]
[Site "Bhubaneswar"]
[Date "2024.01.29"]
[Round "2"]
[White "Salonika, Saina"]
[Black "Namitbir, Singh Walia"]
[Result "1/2-1/2"]
[WhiteElo "2113"]
[BlackElo "2408"]
[PlyCount "67"]
[EventDate "2024.01.28"]
[EventType "swiss"]
[EventRounds "10"]
[EventCountry "IND"]
[SourceTitle "CB06_2024"]
[SourceDate "2024.02.07"]
[SourceVersion "1"]
[SourceVersionDate "2024.02.07"]
[SourceQuality "1"]

1. e4 c6 2. d4 d5 3. Nc3 dxe4 4. Nxe4 Nf6 5. Nxf6+ exf6 6. c3 Bd6 7. Bd3 0-0 8. Qc2 Re8+ 9. Ne2 h5 10. Be3 Nd7 11. 0-0-0 Nf8 12. Kb1 Be6 13. c4 Rc8 14. a3 Ng6 15. Ng3 b5 16. Nxh5 bxc4 17. Bxc4 Rb8 18. Ka2 Qa5 19. Bxe6 Rxe6 20. d5 cxd5 21. Bd4 Be5 22. Rd3 Qb5 23. Rc1 Rc6 24. Qxc6 Qxd3 25. Bxe5 Qb3+ 26. Ka1 fxe5 27. Qc2 Qb5 28. Rd1 Ne7 29. Ng3 Nc6 30. Nf5 g6 31. Nd6 Qb6 32. Rxd5 Nd4 33. Qc3 a5 34. Nc4 1/2-1/2

[Event "Asia-ch Blitz U20 Girls"]
[Site "Jamshedpur"]
[Date "2023.09.15"]
[Round "3"]
[White "Rindhiya, V."]
[Black "Salonika, Saina"]
[Result "1-0"]
[WhiteElo "1887"]
[BlackElo "2025"]
[PlyCount "88"]
[EventDate "2023.09.15"]
[EventType "swiss (blitz)"]
[EventRounds "9"]
[EventCountry "IND"]
[SourceTitle "EXT 2024"]
[Source "ChessBase"]
[SourceDate "2023.10.10"]
[SourceVersion "1"]
[SourceVersionDate "2023.10.10"]
[SourceQuality "1"]

1. e4 c5 2. Nf3 d6 3. d4 cxd4 4. Qxd4 a6 5. c4 Nc6 6. Qd2 Nf6 7. Nc3 g6 8. b3 Bg7 9. Bb2 0-0 10. h3 Qa5 11. Bd3 Bd7 12. 0-0 Rab8 13. Nd5 Nxd5 14. Qxa5 Nxa5 15. Bxg7 Kxg7 16. cxd5 b5 17. Rac1 Rfc8 18. Nd4 Nb7 19. b4 a5 20. a3 axb4 21. axb4 Nd8 22. f4 h6 23. Kf2 Kf6 24. Ke3 e6 25. dxe6 Nxe6 26. Rxc8 Rxc8 27. Bxb5 Nxd4 28. Bxd7 Nc2+ 29. Kd2 Rc7 30. Rc1 Rxd7 31. Rxc2 d5 32. e5+ Kf5 33. Ke3 h5 34. g3 g5 35. Kd4 gxf4 36. gxf4 Kxf4 37. b5 Rb7 38. Rb2 Kg3 39. Kxd5 Kxh3 40. Kc6 Rb8 41. b6 Re8 42. b7 Kg3 43. b8Q Rxb8 44. Rxb8 h4 1-0

[Event "Asia-ch Blitz U20 Girls"]
[Site "Jamshedpur"]
[Date "2023.09.15"]
[Round "2"]
[White "Salonika, Saina"]
[Black "Divyabharathi, Masanam"]
[Result "1-0"]
[WhiteElo "2025"]
[BlackElo "1597"]
[PlyCount "61"]
[EventDate "2023.09.15"]
[EventType "swiss (blitz)"]
[EventRounds "9"]
[EventCountry "IND"]
[SourceTitle "EXT 2024"]
[Source "ChessBase"]
[SourceDate "2023.10.10"]
[SourceVersion "1"]
[SourceVersionDate "2023.10.10"]
[SourceQuality "1"]

1. e4 e5 2. Nf3 Nc6 3. Bb5 a6 4. Ba4 Nf6 5. d3 Be7 6. 0-0 b5 7. Bb3 0-0 8. c3 d6 9. Re1 Na5 10. Bc2 c5 11. h3 h6 12. Be3 Be6 13. Nbd2 Qd7 14. d4 cxd4 15. cxd4 exd4 16. Nxd4 Rfd8 17. f4 g6 18. f5 gxf5 19. exf5 Bd5 20. Bxh6 Kh7 21. Be3 Rg8 22. N2f3 Nc4 23. Qc1 Qb7 24. b3 Bxf3 25. Nxf3 Nxe3 26. Qxe3 Bd8 27. Qf4 Bb6+ 28. Kh1 Ng4 29. f6+ Rg6 30. Qxg4 Rag8 31. Qh5# 1-0

[Event "Asia-ch U20 Girls"]
[Site "Jamshedpur"]
[Date "2023.09.13"]
[Round "7"]
[White "Kaldarova, Ayaulym"]
[Black "Salonika, Saina"]
[Result "1/2-1/2"]
[WhiteElo "1933"]
[BlackElo "2140"]
[PlyCount "67"]
[EventDate "2023.09.09"]
[EventType "swiss"]
[EventRounds "9"]
[EventCountry "IND"]
[SourceTitle "EXT 2024"]
[Source "ChessBase"]
[SourceDate "2023.10.10"]
[SourceVersion "1"]
[SourceVersionDate "2023.10.10"]
[SourceQuality "1"]

1. Nf3 Nf6 2. c4 g6 3. Nc3 Bg7 4. g3 0-0 5. Bg2 d6 6. 0-0 e5 7. d3 Nc6 8. Rb1 a5 9. b3 h6 10. h3 Nd7 11. a3 f5 12. Nd5 Ne7 13. Nd2 c6 14. Nxe7+ Qxe7 15. b4 axb4 16. axb4 Nf6 17. e4 g5 18. Bb2 f4 19. d4 g4 20. dxe5 dxe5 21. hxg4 Nxg4 22. Qb3 Be6 23. Qc3 Qf7 24. c5 Rad8 25. Nf3 Bc4 26. Nh4 Be2 27. Rfc1 fxg3 28. Qxg3 Qxf2+ 29. Qxf2 Nxf2 30. Nf5 Nd3 31. Rc2 Bg4 32. Ne3 Be6 33. Bc3 Nf4 34. Bf1 1/2-1/2

[Event "Asia-ch U20 Girls"]
[Site "Jamshedpur"]
[Date "2023.09.12"]
[Round "6"]
[White "Salonika, Saina"]
[Black "Bristy, Mukherjee"]
[Result "0-1"]
[WhiteElo "2140"]
[BlackElo "1858"]
[PlyCount "82"]
[EventDate "2023.09.09"]
[EventType "swiss"]
[EventRounds "9"]
[EventCountry "IND"]
[SourceTitle "EXT 2024"]
[Source "ChessBase"]
[SourceDate "2023.10.10"]
[SourceVersion "1"]
[SourceVersionDate "2023.10.10"]
[SourceQuality "1"]

1. e4 d5 2. exd5 Nf6 3. Bb5+ Bd7 4. Bc4 Bg4 5. f3 Bc8 6. Nc3 Nbd7 7. d4 Nb6 8. Bb3 a5 9. a3 a4 10. Ba2 Nbxd5 11. Nxd5 Nxd5 12. c4 Nb6 13. Be3 e5 14. dxe5 Be6 15. Qc2 Nxc4 16. Bxc4 Qh4+ 17. g3 Qxc4 18. Qxc4 Bxc4 19. Rc1 Bd5 20. Kf2 0-0-0 21. Ne2 Re8 22. Bd4 h5 23. h4 Rh6 24. Rhd1 Bb3 25. Rd3 b5 26. Nc3 Rc6 27. Re1 Bc4 28. Rd2 Rd8 29. Red1 b4 30. axb4 Bxb4 31. Ra1 a3 32. Ke3 Bxc3 33. bxc3 Ra6 34. g4 g6 35. gxh5 gxh5 36. Rg2 a2 37. Rg5 Rd5 38. Ke4 Rb5 39. Rgg1 Rg6 40. Rgc1 Rg2 41. Be3 c5 0-1

[Event "Asia-ch Rapid U20 Girls"]
[Site "Jamshedpur"]
[Date "2023.09.08"]
[Round "4"]
[White "Khairmode, Dhanashree"]
[Black "Salonika, Saina"]
[Result "0-1"]
[WhiteElo "1524"]
[BlackElo "2090"]
[PlyCount "94"]
[EventDate "2023.09.08"]
[EventType "swiss (rapid)"]
[EventRounds "9"]
[EventCountry "IND"]
[SourceTitle "EXT 2024"]
[Source "ChessBase"]
[SourceDate "2023.10.10"]
[SourceVersion "1"]
[SourceVersionDate "2023.10.10"]
[SourceQuality "1"]

1. e4 c5 2. Nf3 d6 3. d4 cxd4 4. Nxd4 Nf6 5. Nc3 a6 6. Be2 e5 7. Nb3 Be7 8. 0-0 0-0 9. Re1 Be6 10. Bf1 Nbd7 11. Nd5 Nxd5 12. exd5 Bf5 13. a4 Qc7 14. c3 b6 15. Nd4 exd4 16. Rxe7 dxc3 17. bxc3 Qxc3 18. Ra3 Qf6 19. Qe2 Ne5 20. Rb7 Rfc8 21. Bb2 Rc2 22. Bxe5 dxe5 23. Qe3 Rb2 24. Rb3 Rxb3 25. Qxb3 b5 26. axb5 axb5 27. Qxb5 Qd6 28. Rb6 Qd8 29. h3 Rc8 30. d6 Be6 31. Ra6 f6 32. Qb7 Qd7 33. Qxd7 Bxd7 34. Ra7 Rd8 35. Bc4+ Kf8 36. Bd5 Be8 37. Ra6 Bf7 38. Be4 g6 39. g4 Be6 40. Rb6 Kf7 41. Rb7+ Rd7 42. Rb6 Kg7 43. Kg2 f5 44. gxf5 gxf5 45. Bd3 Kf6 46. Bb5 Rd8 47. Rb7 Bd5+ 0-1

[Event "Asian Continental Blitz op (Women) 19th"]
[Site "Delhi"]
[Date "2022.11.03"]
[Round "5"]
[White "Salonika, Saina"]
[Black "Kiran, Manisha Mohanty"]
[Result "0-1"]
[WhiteElo "2209"]
[BlackElo "2030"]
[PlyCount "86"]
[EventDate "2022.11.03"]
[EventType "swiss (blitz)"]
[EventRounds "9"]
[EventCountry "IND"]
[SourceTitle "EXT 2024"]
[Source "ChessBase"]
[SourceDate "2023.10.10"]
[SourceVersion "1"]
[SourceVersionDate "2023.10.10"]
[SourceQuality "1"]

1. e4 c5 2. Nc3 d6 3. f4 g6 4. Nf3 Bg7 5. Bb5+ Bd7 6. Bc4 Nc6 7. d3 e6 8. 0-0 Nge7 9. Qe1 0-0 10. Qh4 d5 11. exd5 exd5 12. Nxd5 Nxd5 13. Qxd8 Raxd8 14. Bxd5 Nb4 15. Bb3 Be6 16. Rf2 b5 17. Bxe6 fxe6 18. a3 Nd5 19. g3 c4 20. dxc4 bxc4 21. c3 Nc7 22. Be3 Rd3 23. Bxa7 Ra8 24. Bd4 Bxd4 25. Nxd4 Re8 26. Re1 Kf7 27. Rfe2 h6 28. g4 h5 29. g5 h4 30. Re3 Rxe3 31. Rxe3 Nd5 32. Re4 Rb8 33. Nxe6 Rxb2 34. Nd8+ Kf8 35. Rxc4 h3 36. Re4 Nxc3 37. Re3 Rb1+ 38. Kf2 Nd1+ 39. Kf3 Nxe3 40. Kxe3 Rb2 41. Kf3 Rxh2 42. Kg3 Rd2 43. Ne6+ Ke7 0-1

[Event "Asian Continental Blitz op (Women) 19th"]
[Site "Delhi"]
[Date "2022.11.03"]
[Round "7"]
[White "Salonika, Saina"]
[Black "Ranasinghe, Sachini D"]
[Result "1-0"]
[WhiteElo "2209"]
[BlackElo "1671"]
[PlyCount "81"]
[EventDate "2022.11.03"]
[EventType "swiss (blitz)"]
[EventRounds "9"]
[EventCountry "IND"]
[SourceTitle "EXT 2024"]
[Source "ChessBase"]
[SourceDate "2023.10.10"]
[SourceVersion "1"]
[SourceVersionDate "2023.10.10"]
[SourceQuality "1"]

1. e4 c5 2. Nc3 a6 3. f4 b5 4. Nf3 Bb7 5. d3 e6 6. g3 Be7 7. Bg2 Nf6 8. 0-0 0-0 9. h3 d6 10. g4 Nfd7 11. Ne2 Nc6 12. Ng3 Nd4 13. c3 Nxf3+ 14. Bxf3 e5 15. f5 Bg5 16. Kg2 Bxc1 17. Qxc1 h6 18. Rh1 Qg5 19. Qe1 Qd8 20. h4 f6 21. Qg1 Kf7 22. g5 Ke7 23. Nh5 Rg8 24. Kh3 Qf8 25. Rh2 hxg5 26. hxg5 Rh8 27. Rg2 Kd8 28. gxf6 gxf6 29. Rg7 Bc8 30. Qg6 Qe8 31. Rf7 Bb7 32. Rg1 Kc8 33. Rg3 Bc6 34. Kg2 Rg8 35. Qxg8 Qxg8 36. Rxg8+ Kc7 37. Rxa8 Bxa8 38. Nxf6 Bc6 39. Nxd7 Bxd7 40. f6 Kc6 41. Re7 1-0

[Event "Asian Continental Blitz op (Women) 19th"]
[Site "Delhi"]
[Date "2022.11.03"]
[Round "6"]
[White "Soumya, Swaminathan"]
[Black "Salonika, Saina"]
[Result "1-0"]
[WhiteElo "2326"]
[BlackElo "2209"]
[PlyCount "71"]
[EventDate "2022.11.03"]
[EventType "swiss (blitz)"]
[EventRounds "9"]
[EventCountry "IND"]
[SourceTitle "EXT 2024"]
[Source "ChessBase"]
[SourceDate "2023.10.10"]
[SourceVersion "1"]
[SourceVersionDate "2023.10.10"]
[SourceQuality "1"]

1. e4 c5 2. Nf3 d6 3. d4 cxd4 4. Nxd4 Nf6 5. Nc3 a6 6. Qd3 e5 7. Nf5 Bxf5 8. exf5 Nc6 9. Bg5 Be7 10. h4 Nb4 11. Qd2 d5 12. Bxf6 gxf6 13. a3 d4 14. axb4 Bxb4 15. Ra4 a5 16. Bb5+ Ke7 17. Rxb4 axb4 18. Ne4 Ra1+ 19. Ke2 Qa5 20. Rxa1 Qxb5+ 21. Qd3 Qxd3+ 22. Kxd3 Rg8 23. g3 h5 24. Ra7 Rb8 25. Nc5 Kd6 26. Rxb7 Ra8 27. Ne4+ Kc6 28. Rxf7 Ra2 29. Rxf6+ Kd7 30. b3 Ra1 31. Rd6+ Ke7 32. f6+ Kf7 33. Ng5+ Ke8 34. f7+ Ke7 35. Re6+ Kf8 36. Re8+ 1-0

[Event "Asian Continental Blitz op (Women) 19th"]
[Site "Delhi"]
[Date "2022.11.03"]
[Round "2"]
[White "Velieva, Hurma"]
[Black "Salonika, Saina"]
[Result "0-1"]
[WhiteElo "2003"]
[BlackElo "2209"]
[PlyCount "50"]
[EventDate "2022.11.03"]
[EventType "swiss (blitz)"]
[EventRounds "9"]
[EventCountry "IND"]
[SourceTitle "EXT 2024"]
[Source "ChessBase"]
[SourceDate "2023.10.10"]
[SourceVersion "1"]
[SourceVersionDate "2023.10.10"]
[SourceQuality "1"]

1. e4 c5 2. Nf3 d6 3. d4 cxd4 4. Nxd4 Nf6 5. Nc3 a6 6. Bg5 Nbd7 7. f4 e6 8. Qf3 Be7 9. 0-0-0 h6 10. Bxf6 Bxf6 11. g4 0-0 12. Bd3 Bxd4 13. e5 dxe5 14. fxe5 Nxe5 15. Bh7+ Kxh7 16. Qe4+ f5 17. gxf5 exf5 18. Qf4 Ng6 19. Qg3 Qf6 20. Rhf1 Bxc3 21. bxc3 Qg5+ 22. Qxg5 hxg5 23. Rd6 f4 24. Rfd1 f3 25. h4 Nxh4 0-1

[Event "Novi Sad TS IM Mix 267th"]
[Site "Novi Sad"]
[Date "2022.06.02"]
[Round "5"]
[White "Popchev, Milko"]
[Black "Salonika, Saina"]
[Result "1/2-1/2"]
[WhiteElo "2200"]
[BlackElo "2184"]
[PlyCount "51"]
[EventDate "2022.05.30"]
[EventType "tourn"]
[EventRounds "9"]
[EventCountry "SRB"]
[SourceTitle "EXT 2023"]
[Source "ChessBase"]
[SourceDate "2022.10.05"]
[SourceVersion "1"]
[SourceVersionDate "2022.10.05"]
[SourceQuality "1"]

1. d4 Nf6 2. Nf3 g6 3. c3 Bg7 4. Bg5 d5 5. Nbd2 Nbd7 6. e3 0-0 7. Be2 b6 8. 0-0 Bb7 9. a4 c5 10. a5 c4 11. Qa4 Qc7 12. Bf4 Qc6 13. Qa3 Rfe8 14. Ne5 Nxe5 15. dxe5 Nd7 16. Nf3 Qc5 17. Bg3 e6 18. Rfd1 Reb8 19. h3 Bc8 20. axb6 Rxb6 21. Rdb1 a5 22. Qa4 Qc7 23. Ra2 Bb7 24. Qd1 Nc5 25. h4 h5 26. Bf4 1/2-1/2

[Event "Novi Sad TS IM Mix 277th"]
[Site "Novi Sad"]
[Date "2022.05.21"]
[Round "9"]
[White "Zivkovic, Nemanja"]
[Black "Salonika, Saina"]
[Result "1/2-1/2"]
[WhiteElo "2406"]
[BlackElo "2184"]
[PlyCount "27"]
[EventDate "2022.05.16"]
[EventType "schev"]
[EventRounds "9"]
[EventCountry "SRB"]
[SourceTitle "CBM 208 Extra"]
[Source "ChessBase"]
[SourceDate "2022.07.31"]
[SourceVersion "1"]
[SourceVersionDate "2022.07.31"]
[SourceQuality "1"]

1. e4 c5 2. Nf3 d6 3. Bb5+ Nd7 4. c3 a6 5. Ba4 Ngf6 6. Qe2 e6 7. 0-0 b5 8. Bc2 Bb7 9. d4 Be7 10. Nbd2 Qc7 11. Bd3 0-0 12. Re1 c4 13. Bc2 e5 14. d5 1/2-1/2

[Event "IND-ch (Women) 47th"]
[Site "Bhubaneswar"]
[Date "2022.02.26"]
[Round "3"]
[White "Salonika, Saina"]
[Black "Mrittika, Mallick"]
[Result "1-0"]
[WhiteElo "2206"]
[BlackElo "1666"]
[PlyCount "129"]
[EventDate "2022.02.25"]
[EventType "swiss"]
[EventRounds "9"]
[EventCountry "IND"]
[SourceTitle "CBM 207 Extra"]
[Source "ChessBase"]
[SourceDate "2022.05.31"]
[SourceVersion "1"]
[SourceVersionDate "2022.05.31"]
[SourceQuality "1"]

1. e4 c6 2. d4 d5 3. Nc3 dxe4 4. Nxe4 Nf6 5. Nxf6+ exf6 6. c3 Bd6 7. Bd3 0-0 8. Ne2 Re8 9. Qc2 h5 10. Be3 Nd7 11. 0-0-0 Nf8 12. Kb1 Be6 13. Nf4 Bxf4 14. Bxf4 Ng6 15. Bc1 b5 16. b3 Ne7 17. c4 bxc4 18. bxc4 Rb8+ 19. Bb2 Qa5 20. Ka1 Red8 21. Bc3 Qa3 22. Rb1 Ng6 23. g3 Nf8 24. Rxb8 Rxb8 25. Rb1 Rxb1+ 26. Kxb1 Nd7 27. Qb3 Qa6 28. Kc2 Qc8 29. a4 Nf8 30. Bd2 Bf5 31. h4 Qd7 32. Be3 g6 33. Qb8 Bxd3+ 34. Kxd3 Qf5+ 35. Kc3 Qa5+ 36. Kb3 Qe1 37. Qxa7 Qb1+ 38. Ka3 Ne6 39. Qa8+ Kg7 40. Qxc6 Qa1+ 41. Kb4 Qb2+ 42. Ka5 Nxd4 43. Bxd4 Qxd4 44. Ka6 Qxf2 45. a5 Qe1 46. Qc7 Qe4 47. Ka7 g5 48. a6 gxh4 49. gxh4 f5 50. c5 f4 51. Qb7 Qe3 52. Qg2+ Kf8 53. Qg5 Qd4 54. Qxh5 Qd7+ 55. Kb6 Qd8+ 56. Kc6 Qc8+ 57. Kb5 Qd7+ 58. c6 Qc7 59. Qc5+ Kg7 60. a7 Qc8 61. Qg5+ Kh7 62. Qxf4 Kg7 63. h5 Qe8 64. Kb6 Qf8 65. Kb7 1-0